NFL Superbowl Champions - Statistics

General Stats
  • This quiz has been taken 2,193 times
  • The average score is 46 of 56
Answer Stats
Hint Answer % Correct
1970 Kansas City Chiefs
97%
2020 Kansas City Chiefs
97%
2002 New England Patriots
95%
2004 New England Patriots
95%
2005 New England Patriots
95%
2015 New England Patriots
95%
2017 New England Patriots
95%
2019 New England Patriots
95%
1967 Green Bay Packers
91%
1968 Green Bay Packers
91%
1997 Green Bay Packers
91%
2011 Green Bay Packers
91%
2022 Los Angeles Rams
90%
2000 St. Louis Rams
90%
2018 Philadelphia Eagles
86%
1975 Pittsburgh Steelers
86%
1976 Pittsburgh Steelers
86%
1979 Pittsburgh Steelers
86%
1980 Pittsburgh Steelers
86%
2006 Pittsburgh Steelers
86%
2009 Pittsburgh Steelers
86%
2003 Tampa Bay Buccaneers
84%
2021 Tampa Bay Buccaneers
84%
1972 Dallas Cowboys
83%
1978 Dallas Cowboys
83%
1993 Dallas Cowboys
83%
1994 Dallas Cowboys
83%
1996 Dallas Cowboys
83%
1998 Denver Broncos
83%
1999 Denver Broncos
83%
2016 Denver Broncos
83%
1982 San Francisco 49ers
83%
1985 San Francisco 49ers
83%
1989 San Francisco 49ers
83%
1990 San Francisco 49ers
83%
1995 San Francisco 49ers
83%
2001 Baltimore Ravens
81%
2013 Baltimore Ravens
81%
1987 New York Giants
81%
1991 New York Giants
81%
2008 New York Giants
81%
2012 New York Giants
81%
2014 Seattle Seahawks
77%
1969 New York Jets
74%
1971 Baltimore Colts
72%
2007 Indianapolis Colts
72%
1973 Miami Dolphins
70%
1974 Miami Dolphins
70%
1984 Los Angeles Raiders
69%
1977 Oakland Raiders
69%
1981 Oakland Raiders
69%
1986 Chicago Bears
67%
2010 New Orleans Saints
66%
1983 Washington Redskins
58%
1988 Washington Redskins
58%
1992 Washington Redskins
58%
No matching quizzes found
Score Distribution
Percent of People with Each Score
Percentile by Number Answered
Your Score History
You have not taken this quiz